Political Books by Political Women Quiz Stats

Quiz Updated Aug 25, 2015

Challenge
Share
Tweet
Score 0/22 Timer 08:00
3 Plays Today
% Correct
Sarah Palin
96.7%
Condoleezza Rice
95.7%
Hillary Clinton
95.5%
Margaret Thatcher
94.6%
Michelle Obama
88.1%
Barbara Bush
74.9%
Laura Bush
74.7%
Nancy Reagan
74.5%
Madeleine Albright
69.8%
Eleanor Roosevelt
65.8%
Sandra Day O'Connor
59.8%
% Correct
Malala Yousafzai
54.8%
Golda Meir
54.7%
Nancy Pelosi
53.9%
Benazir Bhutto
51.6%
Elizabeth Warren
51.4%
Michele Bachmann
49.6%
Rosalynn Carter
47.3%
Sonia Sotomayor
47.2%
Aung San Suu Kyi
22.5%
Eva Perón
20.8%
Ellen Johnson Sirleaf
16.1%

You're not logged in!

Compare scores with friends on all Sporcle quizzes.
Sign Up with Email
OR
Log In

You Might Also Like...

Show Comments

Extras

Top Quizzes Today


Score Distribution

Your Account Isn't Verified!

In order to create a playlist on Sporcle, you need to verify the email address you used during registration. Go to your Sporcle Settings to finish the process.